पर्यावरण संरक्षण में स्कूल प्रबंधन की भूमिका / (Record no. 207198)

MARC details
000 -LEADER
fixed length control field 01025nam a2200193 4500
005 - DATE AND TIME OF LATEST TRANSACTION
control field 20241129112859.0
010 ## - LCCN (DPL NO)
LC control number B-761338
020 ## - INTERNATIONAL STANDARD BOOK NUMBER
International Standard Book Number 9789392214233
Terms of availability 250.00
035 ## - SYSTEM CONTROL NUMBER
System control number B-761338
037 ## - SOURCE OF ACQUISITION
Source of stock number/acquisition उपहार
082 ## - DEWEY DECIMAL CLASSIFICATION NUMBER
Classification number 363.70071
100 ## - MAIN ENTRY--PERSONAL NAME
Personal name संजय कुमार
245 ## - TITLE STATEMENT
Title पर्यावरण संरक्षण में स्कूल प्रबंधन की भूमिका /
Statement of responsibility, etc संजय सिंह; नसीब सिंह. एवं अन्य
260 ## - PUBLICATION, DISTRIBUTION, ETC. (IMPRINT)
Place of publication, distribution, etc नई दिल्ली
Name of publisher, distributor, etc लिटरेचर लैण्ड
Date of publication, distribution, etc 2023
270 ## - ADDRESS
Address जे-75-76, गली नं. 7, रामापार्क रोड, मोहन गार्डन, उत्तम नगर,
City नई दिल्ली
Postal code 110059
300 ## - PHYSICAL DESCRIPTION
Extent 50पृ.
Other physical details 24सेमी(सजिल्द)
Dimensions सचित्र
942 ## - ADDED ENTRY ELEMENTS (KOHA)
Source of classification or shelving scheme Dewey Decimal Classification
Item type Children Books
Classification part 363.70071
Call number suffix संजय
Holdings
Withdrawn status Lost status Not for loan Collection code Home library Current library Date acquired Source of acquisition Cost, normal purchase price Full call number Barcode Copy number Cost, replacement price Koha item type Public note
      Non-fiction Central Library Central Library 29/11/2024 उपहार /28/11/2024 250.00 363.70071 संजय B-761338 1 250.00 Children Books उपहार

© Delhi Public Library
Hit Counter
free hit counter